Statistics for FNF Friday Night Funkin' ALL SONGS (UNUSED AS WELL)

Click here to take the quiz!

General Stats

  • This quiz has been taken 24 times
  • The average score is 19 of 41

Answer Stats

HintAnswer% Correct
StageDadbattle
100%
StageBopeebo
95%
StageFresh
95%
StageTutorial
89%
MansionSouth
84%
MansionSpookeez
84%
MansionMonster
79%
RailwayPico
74%
BattlefieldUgh
74%
RailwayBlammed
68%
MallCocoa
68%
BattlefieldGuns
68%
LimoMILF
68%
Weeb SchoolRoses
68%
Weeb SchoolSenpai
68%
BattlefieldStress
68%
Evil Weeb SchoolThorns
68%
MallWinter horrorland
68%
MallEggnog
63%
LimoHigh
63%
RailwayPhilly
63%
LimoSatin Panties
63%
StageTest
42%
Weeb SchoolLunchbox
37%
MenuGame Over
32%
StageRidge
32%
MenuGetting Freaky
26%
Evil Weeb SchoolLunchbox (Scary)
21%
MenuGame Over (Pixelday)
16%
StageSmash
16%
BattlefieldDISTORTO
11%
Week 8Give it a lil' back
11%
Week 8Hardcore
11%
StageSoundTest
11%
StageVideogames
11%
StageBeta Bopeebo
5%
StageFresh (Boyfriend Remix)
5%
StageFresh (Chill Mix)
5%
StageFresh (Drug pop)
5%
BattlefieldKlaskii Romper
5%
MenuStart Screen
5%

Score Distribution

Percentile by Number Answered

Percent of People with Each Score

Your Score History

You have not taken this quiz